Guess the Fusion Rock Song Lyrics #223 - Statistics

General Stats
  • This quiz has been taken 10 times
  • The average score is 213 of 262
Answer Stats
Answer % Correct
a
100%
be
100%
I
100%
the
100%
will
100%
you
100%
You
100%
and
89%
by
89%
do
89%
don't
89%
If
89%
know
89%
Like
89%
like
89%
love
89%
me
89%
never
89%
No
89%
now
89%
Now
89%
so
89%
we
89%
at
78%
baby
78%
been
78%
in
78%
I've
78%
Just
78%
mine
78%
night
78%
see
78%
That
78%
things
78%
To
78%
to
78%
too
78%
we've
78%
We've
78%
When
78%
yours
78%
All
67%
all
67%
Between
67%
come
67%
difference
67%
easy
67%
got
67%
home
67%
is
67%
late
67%
little
67%
Oh
67%
our
67%
Our
67%
say
67%
should
67%
through
67%
together
67%
well
67%
What
67%
you've
67%
act
56%
ain't
56%
argue
56%
As
56%
as
56%
can't
56%
children
56%
excited
56%
eye
56%
fight
56%
fuss
56%
get
56%
gonna
56%
good
56%
nothin
56%
only
56%
Or
56%
right
56%
trust
56%
won't
56%
wrong
56%
affair
44%
Cause
44%
funny
44%
goodbye
44%
happy
44%
long
44%
might
44%
moods
44%
own
44%
understand
44%
upset
44%
Woman
44%
Harold Melvin
33%
yourself
22%
No matching quizzes found
Score Distribution
Percent of People with Each Score
Percentile by Number Answered
Your Score History
You have not taken this quiz